Die 10 Beliebtesten Mädchennamen - Statistiken

Allgemein
  • Dieses Quiz wurde 54 mal gespielt
  • Das Durchschnittsergebnis liegt bei 5 aus 10
Antwortstatistiken
Antwort % Korrekt
Lia/Lea
68%
Marie
68%
Mia
60%
Hannah/Hanna
57%
Sophia/Sofia
51%
Emilia
45%
Emma
45%
Lina
34%
Ella
32%
Mila
26%
Keine übereinstimmenden Quizze gefunden
Verteilung der Resultate
Anzahl Personen mit jedem Resultat
Perzentil nach korrekt beantworteten Fragen
Ihre Resultats-Entwicklung
Sie haben dieses Quiz noch nicht gespielt